【乃木坂46】「Hard to say」のオリジナルメンバー - Statistics

General Stats
  • This quiz has been taken 8 times
  • The average score is 16 of 26
Answer Stats
Hint Answer % Correct
4期生 林瑠奈
86%
1期生 齋藤飛鳥
71%
1期生 和田まあや
71%
2期生 鈴木絢音
71%
2期生 山崎怜奈
71%
3期生 梅澤美波
71%
3期生 久保史緒里
71%
3期生 阪口珠美
71%
3期生 向井葉月
71%
3期生 吉田綾乃クリスティー
71%
4期生 柴田柚菜
71%
4期生 松尾美佑
71%
1期生 樋口日奈
57%
1期生 星野みなみ
57%
2期生 北野日奈子
57%
2期生 新内眞衣
57%
3期生 伊藤理々杏
57%
3期生 佐藤楓
57%
3期生 中村麗乃
57%
4期生 金川紗耶
57%
4期生 黒見明香
57%
4期生 矢久保美緒
57%
4期生 弓木奈於
57%
3期生 岩本蓮加
43%
4期生 北川悠理
43%
4期生 佐藤璃果
43%
No matching quizzes found
Score Distribution
Percent of People with Each Score
Percentile by Number Answered
Your Score History
You have not taken this quiz